| 000 | 00467nam a22001697a 4500 | ||
|---|---|---|---|
| 003 | BDDh-ASL | ||
| 005 | 20231015031126.0 | ||
| 008 | 230204s1881 ii ||||| |||| 00| 0 p d | ||
| 040 |
_aBDDh-ASL _cBDDh-ASL |
||
| 041 | _aper | ||
| 082 |
_a297 _bRAW |
||
| 245 | 0 | 0 | _aRawzatus Shuhadā : / روضة الشهدا |
| 260 |
_aLucknow : _bNawal Kishore , _c1881/1303 H. |
||
| 300 |
_a394 p. : _c26 cm. |
||
| 650 | 0 |
_aIslamic History _93283 _xKarbala |
|
| 942 |
_2ddc _cBK |
||
| 999 |
_c30260 _d30260 |
||